| 000 | nam a22 4500 | ||
|---|---|---|---|
| 999 |
_c98494 _d98493 |
||
| 005 | 20190221145056.0 | ||
| 008 | 190221b ||||| |||| 00| 0 eng d | ||
| 020 | _a978-0-444-63857-1 | ||
| 100 | _aBoxall , Alistair B.A ;ed | ||
| 245 | _aHealth care and environmental contamination | ||
| 260 |
_bElsevier _c2017 |
||
| 653 | _aEnvironmental Contaminants and Health Care | ||
| 653 | _a Terrestrial ecotoxicity | ||
| 700 | _a Kookana ,Rai S ; ed by | ||
| 856 | _utps://www.sciencedirect.com/book/9780444638571/health-care-and-environmental-contamination | ||
| 942 | _cEB | ||